Tourism innovation in Spain and Portugal : (Record no. 192315)

MARC details
000 -LEADER
fixed length control field 01820nam a2200409 i 4500
001 - CONTROL NUMBER
control field EBC6737912
003 - CONTROL NUMBER IDENTIFIER
control field MiAaPQ
005 - DATE AND TIME OF LATEST TRANSACTION
control field 20250731140236.0
006 - FIXED-LENGTH DATA ELEMENTS--ADDITIONAL MATERIAL CHARACTERISTICS
fixed length control field m o d |
007 - PHYSICAL DESCRIPTION FIXED FIELD--GENERAL INFORMATION
fixed length control field cr cnu||||||||
008 - FIXED-LENGTH DATA ELEMENTS--GENERAL INFORMATION
fixed length control field 220628s2021 sz a o 000 0 eng d
020 ## - INTERNATIONAL STANDARD BOOK NUMBER
Canceled/invalid ISBN 9783030807320
Qualifying information (print)
020 ## - INTERNATIONAL STANDARD BOOK NUMBER
International Standard Book Number 9783030807337
Qualifying information (electronic bk.)
035 ## - SYSTEM CONTROL NUMBER
System control number (MiAaPQ)EBC6737912
035 ## - SYSTEM CONTROL NUMBER
System control number (Au-PeEL)EBL6737912
035 ## - SYSTEM CONTROL NUMBER
System control number (OCoLC)1273001277
040 ## - CATALOGING SOURCE
Original cataloging agency MiAaPQ
Language of cataloging eng
Description conventions rda
-- pn
Transcribing agency MiAaPQ
Modifying agency MiAaPQ
043 ## - GEOGRAPHIC AREA CODE
Geographic area code e-po---
-- e-sp---
082 04 - DEWEY DECIMAL CLASSIFICATION NUMBER
Classification number 338.4791
Edition number 23
245 00 - TITLE STATEMENT
Title Tourism innovation in Spain and Portugal :
Remainder of title new trends and developments /
Statement of responsibility, etc. edited by Joao Leitao, Vanessa Ratten, and Vitor Braga.
264 #1 - PRODUCTION, PUBLICATION, DISTRIBUTION, MANUFACTURE, AND COPYRIGHT NOTICE
Place of production, publication, distribution, manufacture Cham, Switzerland :
Name of producer, publisher, distributor, manufacturer Springer,
Date of production, publication, distribution, manufacture, or copyright notice [2021]
264 #4 - PRODUCTION, PUBLICATION, DISTRIBUTION, MANUFACTURE, AND COPYRIGHT NOTICE
Date of production, publication, distribution, manufacture, or copyright notice ©2021
300 ## - PHYSICAL DESCRIPTION
Extent 1 online resource (194 pages) :
Other physical details illustrations
336 ## - CONTENT TYPE
Content type term text
Source rdacontent
337 ## - MEDIA TYPE
Media type term computer
Source rdamedia
338 ## - CARRIER TYPE
Carrier type term online resource
Source rdacarrier
588 ## - SOURCE OF DESCRIPTION NOTE
Source of description note Description based on print version record.
590 ## - LOCAL NOTE (RLIN)
Local note Electronic reproduction. Ann Arbor, MI : ProQuest, 2018. Available via World Wide Web. Access may be limited to ProQuest affiliated libraries.
650 #0 - SUBJECT ADDED ENTRY--TOPICAL TERM
Topical term or geographic name entry element Tourism
General subdivision Technological innovations
Geographic subdivision Spain.
650 #0 - SUBJECT ADDED ENTRY--TOPICAL TERM
Topical term or geographic name entry element Tourism
General subdivision Technological innovations
Geographic subdivision Portugal.
655 #4 - INDEX TERM--GENRE/FORM
Genre/form data or focus term Electronic books.
700 1# - ADDED ENTRY--PERSONAL NAME
Personal name Leitao, Joao,
Relator term editor.
700 1# - ADDED ENTRY--PERSONAL NAME
Personal name Ratten, Vanessa,
Relator term editor.
9 (RLIN) 306729
700 1# - ADDED ENTRY--PERSONAL NAME
Personal name Braga, Vitor,
Relator term editor.
776 08 - ADDITIONAL PHYSICAL FORM ENTRY
Relationship information Print version:
Title Tourism innovation in Spain and Portugal : new trends and developments.
Place, publisher, and date of publication Cham, Switzerland : Springer, c2021
Physical description 194 pages
International Standard Book Number 9783030807320
856 40 - ELECTRONIC LOCATION AND ACCESS
Uniform Resource Identifier https://ezproxy.taylors.edu.my/login?url=https://ebookcentral.proquest.com/lib/taylors/detail.action?docID=6737912
Public note An electronic book accessible through the World Wide Web; click to view
Holdings
Withdrawn status Lost status Source of classification or shelving scheme Damaged status Not for loan Home library Current library Date acquired Source of acquisition Cost, normal purchase price Inventory number Total Checkouts Date last seen Cost, replacement price Price effective from Koha item type Public note
    Dewey Decimal Classification   e-book Taylor's Library-TU Taylor's Library - Perpetual(TU) 01/08/2025 119 1110.35 700001770   01/08/2025 1110.35 01/08/2025 Main Collection SHTEx,91621,03,RM,PPT